Générique Signé Cat's Eyes - Paroles - Statistiques

Statistiques générales
  • Ce quiz a été pris 136 fois
  • Le résultat moyen est 21 sur 29
Statistiques - réponses
Paroles % Correct
Sur terre ou en l'{air}
99%
Savent bondir sans un {bruit}
98%
Relevant tous les {défis}
97%
Cat's Eyes, Signé Cat's {Eyes}
96%
Cat's Eyes, Signé Signé Cat's {Eyes}
96%
Nous devenons pour la {nuit}
92%
Nous aimons rire et {danser}
91%
Qui en un {éclair}
91%
Cat's Eyes, Signé Cat's {Eyes}
88%
Cat's Eyes, Signé Signé Cat's {Eyes}
88%
Trois vives {panthères}
87%
Quand d'autres s'{endorment}
84%
Soeurs et {solidaires}
83%
Cat's Eyes, Signé Cat's {Eyes}
82%
Cat's Eyes, Signé Signé Cat's {Eyes}
82%
Filles d'{aujourd'hui}
80%
Au mépris de tous les {dangers}
75%
Sur terre ou dans l'{eau}
72%
Trois ombres dans un oeil de {chat}
70%
Vienne {minuit}
68%
Elles s'appellent Alex, {Tam} et Sylia
66%
Enfants de la {forme}
54%
Que la {police}
50%
Dans un {hélico}
43%
Nées pour agir et {gagner}
43%
Fabuleux {trio}
42%
Tant de {malice}
39%
Belles {incognito}
35%
Jamais ne les {découvrira}
30%
Aucun quiz correspondant
Distribution des résultats
% des personnes avec chaque résultat
Percentile par nombre de réponses
Votre historique - résultats
Vous n’avez pas pris ce quiz